Giáo trình nhiệt học

Sách trình bày cơ sở lí thuyết về nhiệt độ, nhiệt lượng và nguyên lí thứ nhất của nhiệt động lực học; các hiện tượng động học trong chất khí và giới thiệu nguyên lí thứ hai nhiệt động lực học, khí thực và hơi, chất lỏng, sự chu...

Szczegółowa specyfikacja

Zapisane w:
Opis bibliograficzny
1. autor: Nguyễn, Huy Sinh
Format: Książka
Język:Undetermined
Wydane: Hà Nội Giáo dục 2006
Hasła przedmiotowe:
Etykiety: Dodaj etykietę
Nie ma etykietki, Dołącz pierwszą etykiete!
Thư viện lưu trữ: Trung tâm Học liệu Trường Đại học Cần Thơ
LEADER 00911nam a2200205Ia 4500
001 CTU_112825
008 210402s9999 xx 000 0 und d
020 |c 23000 
082 |a 536 
082 |b S312 
100 |a Nguyễn, Huy Sinh 
245 0 |a Giáo trình nhiệt học 
245 0 |c Nguyễn Huy Sinh 
260 |a Hà Nội 
260 |b Giáo dục 
260 |c 2006 
520 |a Sách trình bày cơ sở lí thuyết về nhiệt độ, nhiệt lượng và nguyên lí thứ nhất của nhiệt động lực học; các hiện tượng động học trong chất khí và giới thiệu nguyên lí thứ hai nhiệt động lực học, khí thực và hơi, chất lỏng, sự chuyển pha. 
650 |a Thermodynamics,Heat 
904 |i Giang 
980 |a Trung tâm Học liệu Trường Đại học Cần Thơ